[Event "Cacak"]
[Site "Cacak"]
[Date "1996.??.??"]
[Round "6"]
[White "Strikovic, Aleksa"]
[Black "Tiviakov, Sergei"]
[Result "1/2-1/2"]
[WhiteElo "2550"]
[BlackElo "2615"]
[Annotator "Har Zvi,R"]
[PlyCount "116"]
[EventDate "1996.11.??"]
[EventType "tourn"]
[EventRounds "9"]
[EventCountry "YUG"]
[EventCategory "13"]
[SourceTitle "CBM 057"]
[Source "ChessBase"]
[SourceDate "1997.04.01"]
[SourceVersion "1"]
[SourceVersionDate "1997.04.01"]
[SourceQuality "1"]

1. e4 {Tiviakov} c5 2. c3 d5 3. exd5 Qxd5 4. d4 Nf6 5. Be3 cxd4 6. cxd4 e6 7.
Nc3 Qd6 8. Nf3 Be7 9. Bc4 (9. Bd3 Nc6 10. O-O O-O 11. a3 b6 12. Qe2 Bb7 13.
Rad1 Rac8 (13... Rad8 14. Bg5 Qb8 (14... g6 15. Bc4 Rfe8 16. Rfe1 Nd5 {Adams,
M-Tiviakov,S New York (m/6) 1994 61/152 [Adams,M]} 17. Nxd5 exd5 18. Bb5 $16)
15. Bb1 Rfe8 16. Rfe1 g6 (16... Nd5 17. Qe4 g6 18. Qh4 Nxc3 19. bxc3 $16 {
Ivanov,V.L-Yakovich,Y Russia (ch) 1994 61/(152)}) 17. Ba2 Nh5 18. Bh6 Bf6 19.
Qe3 Bg7 20. Bxg7 Kxg7 21. Ne5 Nf6 22. h3 Ne7 $15 {Adams,M-Hulak,K Wijk ann Zee
1995 62/(244)}) 14. Rfe1 Rfd8 (14... Nd5 15. Nxd5 exd5 (15... Qxd5 16. Bc4 Qh5
17. d5 Na5 18. Ba2 Bxd5 19. Bxd5 exd5 20. Bxb6 $16) 16. Ne5 $1) (14... Rfe8 15.
Bg5 g6 16. Bb1 Nd5 17. Bc1 Bf8 (17... Nxc3 18. bxc3 Na5) 18. Ba2 Nf4 $2 (18...
Nxc3) 19. Qe4 $1 Bh6 20. d5 $1 $18 {Har-Zvi,R-Fauland,A Tel Aviv ASA 1995}) 15.
Bc1 h6 16. Bb1 Bf8 17. Ne4 Nxe4 18. Qxe4 g6 19. Qh4 Qe7 20. Qh3 Qf6 21. d5 $1
Rxd5 22. Rxd5 exd5 23. Bxh6 $16 {Rozentalis,E-Andersson,U Tilburg (m/4) 59/
(171)}) 9... O-O 10. O-O Nc6 11. a3 (11. Qe2 a6 12. Rad1 b5 13. Bb3 Nb4 14. Bg5
Bb7 15. Ne5 Rac8 16. Rfe1 Nbd5 17. Rd3 $40 {Rozentalis,E-Serper,G Vilnius 1988}
) 11... Bd7 (11... a6 12. Qe2 b5 13. Ba2 b4 14. Na4 bxa3 15. bxa3 Rb8 16. Nc5
Nd5 17. Rac1 Rd8 18. Qc2 $36 {Vlassov,N-Kharitonov,A St.Petersburg op 1994})
12. Qd2 Na5 13. Ba2 Qa6 (13... Bc6 $5) 14. Ne5 Bb5 15. Nxb5 Qxb5 16. b4 Nc6 17.
Bc4 Qa4 18. Qe2 Nd5 (18... a6 19. Nd3 $1) (18... Nxe5 19. dxe5 Nd5 20. Bxd5
exd5 21. Rfd1 $16) 19. Nd3 $1 (19. Bb5 $2 Nc3 20. Bxa4 Nxe2+ 21. Kh1 Nexd4)
19... Nb8 20. Nc5 Bxc5 (20... Qc6 21. Rac1 $1 {here there is on beautiful line}
b6 $2 22. Bb5 Qd6 (22... Qc8 23. Nd7) 23. Nb7 $1 {and the queen is checkmated!}
Nf4 24. Nxd6 Nxe2+ 25. Bxe2 Bxd6 26. Bf3 $18) 21. dxc5 a5 (21... Nxe3 $14) 22.
Bxd5 exd5 23. b5 (23. Qg4 Qd7) 23... Nd7 24. Rfd1 Qe4 25. Qd2 Nf6 26. Bd4 $16
Rfd8 27. Re1 {the simple Bxf6 followed by Re1-Re3-Rg3 would have given white a
much better position} (27. Bxf6 $5 gxf6 28. Re1 $16) 27... Qf5 28. Re5 (28. Re7
) 28... Ne4 (28... Qg6 $2 29. Rg5 Qh6 30. Qf4 $1 $16) (28... Qd7 29. Rg5 Ne8
30. Qc3 $1 $36) 29. Qa2 Qd7 30. f3 Nf6 31. a4 (31. Qb2 $5) 31... Re8 32. Rg5 $6
{probably a time trouble since black's reply is very simple,after Rxe8 as we
will see white is much better,but even so white's position is so good that it
really changes very little} (32. Rxe8+ $1 Nxe8 (32... Rxe8 33. Qd2 $1 $16) 33.
Rc1 $16) 32... h6 33. Re5 Rxe5 34. Bxe5 Ne8 35. Rd1 Rd8 36. Qd2 $1 Qf5 37. Bd4
(37. Qxa5 $5 Qc2 38. Rd4 $1) (37. Re1 $5 {just not giving black the slightest
counter play} Qc8 38. Bd4 Qc7 39. b6 Qc6 40. Qxa5 {[%cal Ga5b5,Ga4a8]}) 37...
Nc7 (37... Ra8 38. Qc3 $18) 38. Qxa5 Ne6 39. Qc3 Ra8 $6 (39... Nxd4 40. Qxd4
Qc2) 40. c6 bxc6 41. b6 $5 (41. bxc6 Rc8 $16 42. Bf2 $5 d4 43. Qc4) 41... Nxd4
$5 42. Qxd4 Qc2 43. Ra1 Re8 $1 44. b7 (44. Kh1 $1 c5 (44... Re2 45. Qg1 Qb2 46.
Qb1 $1 (46. a5 $2 Rxg2 $1 47. Qxg2 Qxa1+ 48. Qg1 Qxa5 49. Qb1 Qc3 (49... Qa8
$16 50. b7 Qb8 51. Qb6 {[%cal Gb6c6,Gc6c8]}))) 45. Qd1 Qb2 46. a5 d4 47. Qb1
Qxb1+ 48. Rxb1 d3 49. b7 d2 50. b8=Q d1=Q+ 51. Rxd1 Rxb8 52. Kg1 $16 Ra8 53.
Ra1 Ra6 54. Kf2 Kf8 55. Ke3 Ke7 56. Kd3 Kd6 57. Kc4 Kc6 58. Ra2 $1) 44... Qb3
45. Qa7 Kh7 (45... Qb2 46. Rf1) 46. a5 d4 47. h3 Qb2 48. Rf1 (48. Rd1 $5 d3 49.
a6 Qe2 50. Rb1 $1 (50. Ra1 Qb2) 50... d2 51. b8=Q Rxb8 52. Qxb8 d1=Q+ 53. Rxd1
Qxd1+ 54. Kh2 $18 {[%cal Ga6a8]}) 48... d3 49. a6 d2 50. Qf2 Qb4 (50... Qb5 51.
Qxd2 Qxa6 52. Rb1 Rb8 53. Qd7 $1 $16 {[%csl Gb7,Rh7]}) 51. Kh2 Qd6+ $4 (51...
Qf4+ $1 {Tiviakov} 52. Kh1 (52. g3 $2 Qc4 53. a7 Re2 54. b8=Q d1=Q 55. a8=Q
Qxf1 $19) (52. Kg1 Qb4 $5 {/\ Re8-e1} 53. Kh2 Qf4+ $10) (52. Qg3 Qxg3+ $10)
52... Qc4 (52... Qb4 $5 {/\ 53...Re1}) 53. a7 (53. Ra1 $4 Qc1+ 54. Qg1 Qxa1 55.
Qxa1 Re1+ 56. Kh2 Rxa1 57. b8=Q d1=Q $19) 53... Qxf1+ 54. Qxf1 Re1 55. b8=Q
Rxf1+ 56. Kh2 d1=Q 57. a8=Q Rh1+ 58. Kg3 Qe1+ 59. Kf4 (59. Kg4 $2 Qe6+ 60. Kh4
g5+ 61. Kh5 Rxh3+) 59... g5+ 60. Kg4 Qe6+ 61. Kg3 Qe1+) 52. Qg3 $4 (52. f4 $1
d1=Q 53. Rxd1 Qxd1 54. a7 $18) 52... Qxg3+ 53. Kxg3 Re1 54. b8=Q (54. Rf2 d1=Q
55. b8=Q Qa4 {/\ Ra1}) 54... Rxf1 55. Qe5 (55. a7 d1=Q 56. a8=Q Qe1+ 57. Kf4 (
57. Kg4 Qe6+ 58. Kf4 g5+ 59. Kg3 Qe1+ $10) 57... g5+ 58. Kg4 Qe6+ 59. Kh5 Qg6+
60. Kg4 Qe6+ $10) 55... d1=Q 56. Qf5+ Kg8 57. Qc8+ Kh7 58. Qf5+ Kg8 1/2-1/2

[Event "Lee Cup 4th"]
[Site "Beijing"]
[Date "1997.08.23"]
[Round "1"]
[White "Xie, Jianjun"]
[Black "Landa, Konstantin"]
[Result "1-0"]
[WhiteElo "2365"]
[BlackElo "2560"]
[Annotator "Har Zvi,R"]
[PlyCount "85"]
[EventDate "1997.08.23"]
[EventType "swiss"]
[EventRounds "11"]
[EventCountry "CHN"]
[SourceTitle "CBM 061"]
[Source "ChessBase"]
[SourceDate "1997.11.23"]
[SourceVersion "1"]
[SourceVersionDate "1997.11.23"]
[SourceQuality "1"]

1. e4 c5 2. Nf3 e6 3. c3 Nf6 4. e5 Nd5 5. d4 cxd4 6. cxd4 d6 7. Bc4 Bd7 (7...
Be7 8. O-O O-O 9. Qe2 Bd7 10. Nc3 Nxc3 11. bxc3 Bc6 12. Bf4 dxe5 13. Nxe5 Bd5
14. Bd3 Nd7 15. c4 Nxe5 16. Bxe5 Bc6 17. Rad1 Bf6 18. Bc2 Rc8 19. Bxf6 Qxf6 20.
d5 exd5 21. cxd5 Bd7 22. Bb3 $13 {Dolmatov,S-Zapata,A/Tilburg rapid20 1993/CBM
39/1-0 (72)}) (7... dxe5 8. dxe5 Bb4+ (8... Be7 9. O-O O-O 10. Qe2 Nd7 11. Rd1
N7b6 12. Bd3 Bd7 13. Qe4 g6 14. Bh6 Re8 15. Nc3 Nxc3 16. bxc3 Qc7 $13 {1/2-1/2
Sermek,D-Rotstein,A/FRA-chT 1995/EXT 95ch (32)}) (8... Nc6 9. O-O Nb6 10. Bd3
Nb4 11. Be4 Qxd1 12. Rxd1 f5 13. exf6 gxf6 14. Nc3 f5 15. Bb1 $14 N4d5 $2 16.
Nxd5 Nxd5 17. Bxf5 exf5 18. Rxd5 Bg7 19. Bf4 O-O 20. Be5 $18 {1-0 Blatny,
P-Fernandes,A/EU-chT Debrecen 1992/EU-chT (59)}) 9. Nbd2 (9. Bd2 Nc6 10. O-O
Be7 11. Qe2 O-O 12. Nc3 Nxc3 13. Bxc3 b6 14. Nd2 Bb7 15. Ne4 Nd4 16. Qg4 h5 17.
Qxh5 Bxe4 18. Rad1 Bc5 19. b4 Bg6 20. Qg4 Bf5 21. Qf4 Qc7 22. bxc5 bxc5 23.
Bxd4 cxd4 24. Rxd4 $16 {1-0 Wolff,P-Rotstein,A/Wijk op 1993/CBM 34 (60)}) 9...
Nb6 10. O-O Nxc4 11. Qa4+ Nc6 12. Nxc4 Qd3 13. Nd6+ Bxd6 14. Rd1 Qa6 15. Qxa6
bxa6 16. exd6 e5 17. Be3 Bd7 18. Nd2 f5 19. Nb3 f4 20. Bd2 Rb8 21. Re1 $16 {
1-0 Svidler,P-Taimanov,M/St.Petersburg-ch 1995/CBM 47 (43)}) (7... Nb6 8. Bb3 (
8. Bd3 Nc6 9. O-O Nb4 10. Bb5+ (10. Bg5 Be7 11. Bxe7 Qxe7 12. Be4 (12. exd6
Qxd6 13. Be4 f5 14. Bd3 O-O 15. Nc3 {Godena,M-Kaenel,H Bled op 1994}) 12... d5
13. Bd3 Nxd3 14. Qxd3 Bd7 15. Nc3 O-O 16. Rfc1 Rfc8 $11 {Smagin,S-Rublevsky,S
RUS-chT Kazan 1995}) 10... Bd7 11. Bg5 (11. Nc3 Be7 12. Qb3 Bxb5 13. Nxb5 Nc6
14. a4 O-O 15. a5 Nd5 16. exd6 Bxd6 17. Nxd6 Qxd6 18. Qxb7 a6 19. Qb3 Rab8 $44
{Daniliuk,S-Sherbakov,R RUS-cup 1997 CBM 59}) 11... Be7 12. Bxe7 Qxe7 13. Nc3
O-O 14. Qb3 dxe5 15. dxe5 Rfd8 (15... Bc6) 16. Rfd1 (16. a3) 16... Bc6 17. Bxc6
Nxc6 18. Ne4 Rd5 19. Nc3 (19. Rxd5 exd5 20. Nc3 Rd8 $15 {/=} (20... Nxe5 21.
Nxd5 Nxd5 22. Qxd5 $11)) 19... Rc5 {[%csl Re5]} (19... Ra5) 20. Na4 $2 (20. Ne4
Ra5 (20... Rd5 21. Nc3 $11) 21. Qc3 Nd7 22. Nd4 $1 Ra6 (22... Ndxe5 23. f4) 23.
f4 {with a slight advantage for white}) (20. Re1 Rd8) 20... Nxa4 21. Qxa4 Qc7
$1 $17 {[%csl Re5] 0-1 Daniliuk,S-Yakovich,Y/RUS-Cup6 1997/CBM 59/[HarZvi,R] 
(36)}) 8... dxe5 9. Nxe5 Nc6 (9... N8d7 10. O-O Nxe5 11. dxe5 Qxd1 12. Rxd1 Bd7
13. Nc3 Bc6 14. Be3 Be7 15. a4 O-O 16. Nb5 Bxb5 17. axb5 Rfc8 $13 {Maljutin,
E-Golod,V Minsk 1993}) 10. Nxc6 bxc6 11. O-O Be7 (11... c5 12. Be3 c4 13. Bc2 {
[%cal Gb1c3,Gd1h5]}) 12. Nc3 O-O 13. Re1 (13. Bf4 Ba6 14. Re1 c5 15. dxc5 (15.
d5 c4 16. Bc2 $2 (16. d6 Bg5 17. Bxg5 Qxg5 18. Bc2 $13) 16... Nxd5 (16... exd5)
17. Nxd5 exd5 18. Re5 Bb7 19. Qh5 g6 20. Qh6 {[%cal Ge5h5]} f5 $1 $17 {Zifroni,
D-Har-Zvi,R Czerniak-mem 1996}) 15... Qxd1 (15... Bxc5 16. Qh5 $36) 16. Rexd1
Bxc5 17. Ne4 Be7 18. Rac1 Rfc8 $14 {Kharlov,A-Yudasin,L Kemerovo 1995 65/151 
[Yudasin,L]}) 13... Nd5 $5 14. Be3 Nxe3 15. Rxe3 $6 {I do not like move at all,
since it leaves the "d4" pawn very weak and indeed white lost this pawn in the
next few moves,the typical caputre should have been fxe3 when the "d4" becomes
quite strong,when white tries to put pressure on the "c6 pawn} (15. fxe3 c5 16.
d5 $13 (16. Qf3)) 15... Rb8 {[%csl Rd4]} 16. Ne4 $2 Rb4 $1 17. Rd3 (17. Qc2
$142) 17... Ba6 18. Rd2 Qb6 $17 {[%csl Rd4] 0-1 Nadyrhanov,S-Rublevsky,S/
RUS-Cup6 1997/CBM 59/[HarZvi,R] (33) and suddenly there is no way to defend
the "d4" pawn since black's next move will be simply Rd8}) 8. O-O Bc6 9. Re1 $6
{what's is the use in this move,normal moves in this position are Nbd2 or a3
preventing Nb4 from black,but Re1 has no idea that I know} (9. Bg5 Qb6 10. Nc3
h6 11. Bh4 Nxc3 12. bxc3 d5 13. Bd3 Nd7 14. Nd2 Qa5 15. Rc1 g5 16. Bg3 O-O-O
17. f4 Ba3 $13 {0-1 Egin,V-Scerbin,D/RUS-Cup5 1997/EXP 57 (41)}) (9. Nbd2 Nd7
10. Ne4 dxe5 11. dxe5 Nc5 12. Bg5 Qc7 13. Nxc5 Bxc5 14. Rc1 Qb6 15. a3 a5 16.
Qc2 h6 17. Bd2 Be7 18. Ba2 g5 19. h3 Kf8 20. Nh2 Kg7 $13 {1/2-1/2 Kazhgaleyev,
M-Wendt,J/Komercni Banka op 1996/EXP 55 (37)}) (9. a3 Nd7 {1/2-1/2 Atlas,
V-Baburin,A/Erevan olm 1996/EXT 96ch2}) 9... Nd7 10. Nbd2 dxe5 11. dxe5 N7b6
12. Nd4 $6 {of course I do not like this move too,why to give the the bishop
for black's knight on b6,which is not a very strong one?12.Bf1 seems OK} (12.
Bf1 Be7 13. Nd4) 12... Nxc4 13. Nxc4 Rc8 14. Nxc6 Rxc6 15. Qg4 (15. b3 b5 $1 (
15... Be7 16. Qg4) 16. Ne3 Bb4 17. Re2 Bc3 18. Rb1 (18. Bb2 $2 Bxb2 19. Rxb2
Nxe3 20. Qxd8+ Kxd8 21. fxe3 Ke7 $17 {[%csl Re3,Re5][%cal Gc8c1] /-+}) 18...
Rc5 $15 {[%csl Re5]}) 15... h5 16. Qe4 Bc5 17. Rd1 Qc7 $1 (17... O-O 18. Be3)
18. Be3 Nxe3 (18... Be7 19. Nd6+ Bxd6 20. exd6 Qxd6 21. Bxa7 b6 22. Bb8) 19.
Nxe3 O-O $15 {[%csl Gc5,Re3,Re5][%cal Gc8c1] /-/+,it is very easy to
understand this position,black has no weakness at aall,while he enjoyes some
clear advantages such as a much better bishop than white's knight,the control
over the open "c" file ,and of course maybe the most important factor in this
position I think is white's pawn on e5,which is a very weak one,and white will
have to defend him all the time} 20. g3 (20. b3 $5) (20. Rac1 Qb6 (20... Rc8)
21. Rc4 (21. Nc4 Bxf2+ 22. Kf1 Qc7 23. Kxf2 b5 $15 {[%csl Rf2] /-/+})) 20...
Rc8 $6 {not very clear why black did not play Qb6?} (20... Qb6 $5 {[%csl Rb2,
Re3] this seems quite a normal move,black will exchange his bishop for white
knight,but will completely destroy white's structure} 21. Rd2 (21. Nc4 $2 Bxf2+
22. Kg2 Qc7 $17) (21. Rd7 Qxb2 22. Rb1 Qxa2 23. Rbxb7 Rb6 $17 24. Rxa7 $4 Rb1+
$19) 21... Bxe3 22. fxe3 (22. Qxe3 Qxe3 23. fxe3 Rfc8 {[%csl Re3,Re5]}) 22...
Rfc8 $17) 21. Rd3 (21. Rac1 $2 Bxe3 22. Rxc6 Bxf2+) (21. b3) 21... Bb6 22. Kg2
(22. Rad1 Rc5 23. Rd6 {when white is still alive} (23. Rd7 $6 Qxe5 24. Qxb7 Qf6
{[%csl Rf2][%cal Ga7f2]})) 22... Rc5 23. Rd6 Rc1 24. Rd1 $2 {not a logical
move to take an active rook on d6,and put him on a1!?...what more,it loses
material immediately} (24. Rxc1 Qxc1 25. Nd1 $13) 24... Rxa1 25. Rxa1 Rd8 (
25... Qc6 $142 $5 {winning one of the pawns "e5" or "b2"} 26. Qxc6 (26. Kf3 Bd4
{[%csl Rb2,Re5]}) 26... Rxc6 {[%cal Gb6d4,Gb6e3]} 27. b3 Bxe3 28. fxe3 Rc5) 26.
Rd1 Rxd1 27. Nxd1 Qc1 28. Qf3 g6 29. Qd3 Qc6+ 30. Kg1 (30. Qf3 Qc2) 30... Qc5
$17 {[%csl Rb2,Re5,Rf2] black enjoyes a very big advantage,white has some
weakness when now it is easy to see the difference between black's bishop and
white's knight,it seems white will not be able to defend his "e5" pawn protect
his knigth and control the second line,it means he is in serious problems} 31.
Qe4 Qc1 $1 32. Qd3 Qg5 33. Qe4 Qd2 34. Qf3 Bd4 $19 35. Kg2 Bxe5 36. b3 Bd4 37.
Kh3 b5 38. Ne3 Qxa2 39. Qa8+ Kg7 40. Qe4 Bf6 41. Qf3 Qxb3 $4 {??? chess is a
very cruel and difficult game,one may play 39 strong moves 4 hours mayve even
more,and by one mistake destroy everything!} 42. Nf5+ exf5 43. Qxb3 1-0

[Event "Reggio Emilia 9697 39th"]
[Site "Reggio Emilia"]
[Date "1996.12.28"]
[Round "3"]
[White "Godena, Michele"]
[Black "Bologan, Viktor"]
[Result "1/2-1/2"]
[WhiteElo "2550"]
[BlackElo "2600"]
[Annotator "Har Zvi,R"]
[PlyCount "48"]
[EventDate "1996.12.26"]
[EventType "tourn"]
[EventRounds "9"]
[EventCountry "ITA"]
[EventCategory "11"]
[SourceTitle "CBM 057"]
[Source "ChessBase"]
[SourceDate "1997.04.01"]
[SourceVersion "1"]
[SourceVersionDate "1997.04.01"]
[SourceQuality "1"]

1. e4 c5 2. c3 Nf6 3. e5 Nd5 4. Nf3 Nc6 5. d4 cxd4 6. cxd4 d6 7. Bc4 Nb6 8. Bb5
Bd7 (8... dxe5 9. Nxe5 Bd7 10. Bxc6 Bxc6 11. Nxc6 bxc6 12. O-O g6 13. Bg5 Bg7
14. Re1 O-O (14... Nd5 $5 15. Nc3 O-O 16. Qa4 Qb6 17. Nxd5 cxd5 18. Bxe7 Bxd4
$1 $11 {Daniliuk,S-Shaposhnikov,E Bolakovo 1995 64/154 [Daniliuk,S]}) 15. Bxe7
Qxd4 16. Qxd4 Bxd4 17. Nd2 {Dolmatov,S-Alterman,B Pardubice 1993 58/185 
[Alterman,B]} (17. Nc3) 17... Rfb8 $1 18. Rac1 $8 Bxb2 19. Rxc6 Nd5 $11) 9.
exd6 (9. Nc3 dxe5 (9... e6 10. O-O d5 11. Bg5 $1 Be7 12. Bxe7 Qxe7 13. Qe2 O-O
14. Bd3 f5 15. exf6 gxf6 16. Rfe1 $14 {Sveshnikov,E-Korolev,S Leningrad 1991})
10. dxe5 (10. d5 Nb4 11. Nxe5 Bxb5 12. Nxb5 g6 13. Qb3 N4xd5 14. Be3 e6 15. Bd4
Bg7 $17 {Sveshnikov,E-Zaid,L SSSR 1976}) 10... g6 11. O-O Bg7 12. Qe2 a6 13.
Bxc6 Bxc6 14. e6 f5 15. Ne5 O-O $13 {Thipsay,P-Ljubojevic,L Luzern ol 1982})
9... exd6 10. Nc3 (10. O-O Be7 11. Nc3 O-O 12. h3 {transposes to the game
after 12...Bf5} a6 13. Bd3 Nb4 14. Be4 d5 15. Bb1 Be6 16. a3 Nc6 17. Bf4 Rc8
$13 {Spangenberg,H-Leko,P Buenos Aires 1994 m-30'}) 10... Be7 (10... Nb4 11.
Bxd7+ Qxd7 12. O-O Be7 13. Qb3 Nc6 14. Nd5 Na5 $11 {Cherniaev,A-Ljubojevic,L
Antwerpen 1995 62/(148)}) 11. O-O O-O 12. h3 Bf5 13. Bf4 (13. d5 $5 Ne5 14. Nd4
Bd7 15. Be2 Re8 16. a4 $1 Rc8 17. a5 Nbc4 18. a6 $14 {/+/- Jaeckle,M-Schulz,T
2BLN 8889 Lasker II-Braunschweig}) 13... Rc8 14. Re1 (14. d5 Na5 15. Nd4 Bg6
16. Re1 Bf6 $13 {[%cal Gg6b1]}) 14... Nb4 (14... d5 $5) 15. Rc1 a6 16. Bf1 d5 {
[%csl Rc5,Re5] giving the conreol over the e5 and c5 squares} (16... N6d5 $5
17. Nxd5 Nxd5 18. Bd2 (18. Rxc8 Qxc8 19. Qb3 Be6) 18... Be6 $11) 17. Ne5 Nc6 (
17... f6 {[%cal Ra2g8]} 18. Ng4 {[%cal Gg4e3]} Bd6 $6 19. Bxd6 Qxd6 20. Ne3 $16
{[%cal Gd1b3]}) 18. Na4 Nxe5 19. Rxc8 (19. Nxb6 $6 Qxb6 {[%csl Rb2,Rd4]} 20.
Rxe5 Be6) (19. dxe5 Nxa4 20. Qxa4 Qb6 {[%csl Rb2,Rf2][%cal Ge7c5,Gd5d1]}) 19...
Nxc8 20. Bxe5 (20. dxe5 d4 {[%csl Ra4][%cal Gb7b5]}) 20... Re8 21. Nc5 {
now we can see exactly the damanges the d5 move made,white knight on c5 the
b8-h2 diagonal is in white's control,and there is pressure on the b7-a6 paens}
Qa5 (21... Bxc5 22. dxc5 f6 23. Bf4) 22. Nxb7 Qxa2 23. Qa1 $1 Qb3 24. Qxa6 $5 (
24. Bxa6 Qb4 $1 {when you will find it difficult to free white's knight of
course after Nc5 the position is equql but how to get more?}) 24... Bf8 {
and in this very interesting position both players agreed a draw but there is
alot more to play and it seems white chance are better after  25.Qb5 Q:Q 26.B:
Q Re7 [ threatening both RxN and f6 ] 27.Bc6! f6 28.Bxd5 Kh8 29.Nd8! and white
will get 4 pawns for the rook after 29...h5 30.Nc6 Rd7 31.Bf3 fxB 32.Rxe5 with
Bxh5} 1/2-1/2